000
00300nam a22001217a 4500
008
180605b xxu||||| |||| 00| 0 eng d
041
_a
eng
080
_a
043.3
100
_a
0
101
_a
ARK-BTH
245
_a
Projektimi i Konvikteve për nxënësit e shkollës fillore
_c
Syla,Y
942
_2
udc
_c
BK
999
_c
46308
_d
46308